Knowledge transfer, small and medium-sized enterprises

Elmentve itt :
Bibliográfiai részletek
Szerző: Farkas Ferenc
Dokumentumtípus: Könyv része
Megjelent: 2003
Sorozat:Knowledge Transfer, Small and Medium-Sized Enterprises, and Regional Development in Hungary
Kulcsszavak:Vállalkozás - Magyarország - tanulmányok, Technológia átadás - tanulmányok
Online Access:http://acta.bibl.u-szeged.hu/57622
LEADER 00742naa a2200181 i 4500
001 acta57622
005 20260224081030.0
008 190423s2003 hu o 000 hun d
020 |a 963-482-645-8 
040 |a SZTE Egyetemi Kiadványok Repozitórium  |b hun 
041 |a hun 
100 1 |a Farkas Ferenc 
245 1 0 |a Knowledge transfer, small and medium-sized enterprises  |h [elektronikus dokumentum] /  |c  Farkas Ferenc 
260 |c 2003 
300 |a 1-14 
490 0 |a Knowledge Transfer, Small and Medium-Sized Enterprises, and Regional Development in Hungary 
695 |a Vállalkozás - Magyarország - tanulmányok, Technológia átadás - tanulmányok 
856 4 0 |u http://acta.bibl.u-szeged.hu/57622/1/knowledge_transfer_001-014.pdf  |z Dokumentum-elérés